LEADER 01484nam a2200337 a 4500 001 000000132197 003 CaOOAMICUS 005 20121214103112.0 008 121214s2009 it u000 u ita r 020 $a978-88-215-6443-7 040 $aPUL$bita 082 04$a340.1 245 03$aIl cristianesimo e la crisi della coscienza moderna /$cSalvatore Amato (ed.) ; studi in memoria dell'Avv. Antonio Ricupero raccolti da Salvatore Amato. 260 $aMilano :$bSan Paolo,$c©2009. 300 $a81 p. ;$c21 cm 490 1 $aLe ragioni del diritto ;$v15 504 $aBibliografia p. 80-81. 650 4$aLaicità e diritto.$0(OLS)http://pul/subject/36678 650 4$aBioetica$xDiritto.$0(OLS)http://pul/subject/34224 650 4$aSperanza.$0(OLS)http://pul/subject/669 700 1 $aRicupero, Antonio.$0(OLS)http://pul/name/85144 700 1 $aAmato, Salvatore.$0(OLS)http://pul/name/8061 830 3$aLe ragioni del diritto ;$v15.$0(OLS)http://pul/title/98802 850 $aPUL 852 $aPUL$W1$xSL Diritto e Scienze Sociali 3$y79$m340. 1 COLL 1.15$j152144$qDDC 21$B151483$CPULBib$Z2$F151483 $H121337 $82 941 1 $a9 996 $6020$a978-88-215-6443-7$9(OLS)http://pul/number/151381 996 $6082$a340.1$9(OLS)http://pul/classification/476 996 $6245$aIl cristianesimo e la crisi della coscienza moderna$9(OLS)http://pul/title/167009 996 $6260$aMilano :$bSan Paolo$9(OLS)http://pul/publisher/59870 LEADER 01553nam a2200337 a 4500 001 000000125303 003 CaOOAMICUS 005 20110513135458.0 008 110513s2011 it 000 u ita r 040 $aPUL$bita 041 1 $aita$heng 082 04$a200.3 100 1 $aJuergensmeyer, Mark.$0(OLS)http://pul/name/79295 240 10$aGandhi's way.$lItaliano.$0(OLS)http://pul/title/157977 245 10$aCome Gandhi :$bun metodo per risolvere i conflitti /$cMark Juergensmeyer ; traduzione di Fabio Galimberti. 260 $aMilano :$bIl Sole 24 ore,$c©2011$aRoma ; Bari :$bEditori Laterza 300 $a203 p. ;$c22 cm 490 1 $aLe grandi Religioni ;$v9 500 $aEd. speciale per Il Sole 24 Ore. 504 $aContiene riferimenti bibliografici ed indici. 600 14$aGandhi, Mohandas Karamchand,$d1869-1948$xPensiero politico e sociale.$0(OLS)http://pul/subject/21830 700 1 $aGalimberti, Fabio.$0(OLS)http://pul/name/75846 830 0$aGrandi Religioni (Sole 24 ore) ;$v9.$0(OLS)http://pul/title/157326 850 $aPUL 852 $aPUL$W1$xSL Religione 3$y85$m200. 3 COLL 2.9$j144300$qDDC 21$B143329$CPULBib$Z2$F143329 $H117096 $82 941 1 $a9 996 $6082$a200.3$9(OLS)http://pul/classification/1704 996 $6245$aCome Gandhi :$bun metodo per risolvere i conflitti$9(OLS)http://pul/title/157978 996 $6260$aMilano :$bIl Sole 24 ore$9(OLS)http://pul/publisher/69212 996 $6260$aRoma ; Bari :$bEditori Laterza$9(OLS)http://pul/publisher/61082